000
00273nam a2200121Ia 4500
008
140130s9999 xx 000 0 und d
245
_c
Kimberly Wienberger
_a
Winter Is Here
260
_b
Scholastic,
_c
1997
440
_v
1
521
_a
BR
942
_c
BK
999
_c
41574
_d
41574